000 00339 a2200145 4500
001 175649
020 _a
040 _cMagnum
100 _aWerneck, Hamilton
240 1 0 _aEnsinamos demais, aprendemos de menos
_lpor
245 1 0 _aEnsinamos demais, aprendemos de menos
362 0 _a1899
697 _aMAGNITO: PEDAGOGIA
942 _cBK
999 _c175649
_d175649